[Event "It (open) (b)"]
[Site "masterchessopen.com Maastricht (Netherlands)"]
[Date "2009.06.01"]
[Round "6"]
[White "Heuts John"]
[Black "Van den Born Ico"]
[Result "0-1"]
[WhiteElo "1747"]
[BlackElo "1876"]

1.c4 Nf6 2.d4 g6 3.g3 c6 4.Bg2 d5 5.Nf3 dxc4 6.Ne5 Be6 7.Na3 Bd5 8.O-O Bxg2
9.Kxg2 b5 10.b3 Qd5+ 11.f3 cxb3 12.axb3 Bg7 13.e4 Qe6 14.Qc2 O-O 15.Bb2 Nfd7
16.Nd3 a5 17.Nf4 Qf6 18.e5 Qf5 19.Qe2 Nb6 20.Rfd1 a4 21.g4 Qd7 22.bxa4 Rxa4
23.e6 Qd6 24.exf7+ Rxf7 25.Ne6 Nd5 26.Qe4 Qxe6 {#R} 0-1

[Event "It (open) (w)"]
[Site "masterchessopen.com Moscow (Russia)"]
[Date "2011.02.05"]
[Round "8"]
[White "Krasenkova Ilena (RUS)"]
[Black "Nebolsina Vera (RUS)"]
[Result "1-0"]
[WhiteElo "2131"]
[BlackElo "2256"]

1.d4 Nf6 2.c4 g6 3.g3 c6 4.Bg2 d5 5.Qb3 dxc4 6.Qxc4 Bg7 7.Nc3 O-O 8.Nf3 Bf5
9.O-O Nbd7 10.Qb3 Nb6 11.Re1 Ne4 12.Be3 Nxc3 13.bxc3 Be4 14.Rac1 Bd5 15.Qb1
Qc8 16.Bf4 f5 17.Qb4 Re8 18.c4 Be4 19.Red1 c5 20.dxc5 Nd7 21.Be3 a5 22.Qb5 Bc6
23.Qb3 a4 24.Qb4 a3 25.Rd5 e6 26.Rd6 Qc7 27.Ng5 Bxg2 28.Kxg2 Nf8 29.Qb6 Qe7
30.Rb1 Rab8 31.Rbd1 e5 32.c6 bxc6 33.Qxc6 h6 34.Qd5+ Kh8 35.Nf7+ Kh7 36.Nd8 f4
37.Nc6 Qg5 38.Bxf4 exf4 39.Qxg5 hxg5 40.Nxb8 Rxb8 41.c5 Rb2 42.R1d2 Be5
43.R6d5 Bc3 44.R2d3 Bb4 45.c6 Rc2 46.Rb5 Be1 47.Rb7+ Kh6 48.Rd8 Rxe2 49.Rxf8
Rxf2+ 50.Kg1 Kh5 51.c7 {#r} 1-0

[Event "Memorial D.Vasilevsky"]
[Site "masterchessopen.com Kaluga (Russia)"]
[Round "0"]
[White "Nikitin Witalij (GER)"]
[Black "Volosin Vladimir (HUN)"]
[Result "0-1"]
[WhiteElo "2150"]
[BlackElo "2294"]

1.d4 Nf6 2.c4 g6 3.g3 c6 4.Bg2 d5 5.Nc3 dxc4 6.e4 Bg7 7.Nge2 O-O 8.a4 Na6
9.O-O e5 10.dxe5 Ng4 11.f4 Qa5 12.h3 Rd8 13.Qe1 Qc5+ 14.Kh1 Nb4 15.hxg4 Nc2
16.Be3 Qxe3 17.Qc1 Qxc1 18.Raxc1 Ne3 19.Rf3 Nxg2 20.Kxg2 Bxg4 21.Rf2 Bf8
22.Ng1 Bc5 23.Rfc2 Rd3 24.Nce2 Rad8 25.a5 Be3 26.Rb1 Rd2 27.Rxd2 Rxd2 28.Kf1
g5 29.f5 h5 30.Ke1 h4 31.b3 c3 32.Nxc3 Rg2 33.Nge2 h3 34.Kf1 Rf2+ {#R} 0-1

[Event "Memorial Petrosian (open)"]
[Site "masterchessopen.com Dimitrovgrad (Russia)"]
[Date "2009.06.25"]
[Round "7"]
[White "Alachihin Vladimir (RUS)"]
[Black "Kuzin Nikolay (RUS)"]
[Result "1-0"]
[WhiteElo "2201"]
[BlackElo "2029"]

1.d4 Nf6 2.g3 g6 3.Bg2 d5 4.c4 c6 5.Nc3 Bg7 6.Bg5 Ne4 7.Nxe4 dxe4 8.Be3 f5
9.Qd2 O-O 10.Rd1 e5 11.d5 cxd5 12.cxd5 Qd6 13.Nh3 b6 14.Bh6 Na6 15.Bxg7 Kxg7
16.O-O h6 17.f3 Qc5+ 18.e3 exf3 19.Rxf3 Bb7 20.Rff1 Rad8 21.Rc1 Qb4 22.Qe2 Nc5
23.a3 Qa4 24.Rfd1 Ba6 25.Qd2 Rf7 26.Rc3 Ne4 27.Bxe4 Qxe4 28.Nf2 Qf3 29.e4 Qe2
30.exf5 Qxd2 31.f6+ Rxf6 32.Rxd2 Rfd6 33.Rc7+ R8d7 34.Rxd7+ Rxd7 35.Ne4 Bb7
36.Nc3 Kf6 37.Kf2 Kf5 38.Ke3 e4 39.Rd4 a6 40.h3 h5 41.g4+ hxg4 42.hxg4+ Kxg4
43.Rxe4+ Kf5 44.Kd4 g5 45.Re5+ Kf4 46.Ne4 g4 47.Nf6 Rd6 48.Nh5+ Kf3 49.Rf5+
Kg2 50.Nf4+ Kh2 51.Ke5 {#r} 1-0

[Event "Memorial Sukharev (open)"]
[Site "masterchessopen.com Novosibirsk (Russia)"]
[Date "2011.07.19"]
[Round "2"]
[White "Tulupov Mikhail (RUS)"]
[Black "Okishev Vladimir (RUS)"]
[Result "0-1"]
[WhiteElo "1719"]
[BlackElo "1873"]

1.d4 d5 2.c4 c6 3.g3 g6 4.Bg2 Nf6 5.Nf3 Bg7 6.Nc3 Nbd7 7.O-O O-O 8.Bf4 Re8
9.Ne5 Nb6 10.cxd5 Nfxd5 11.Qb3 Be6 12.Qc2 Nxf4 13.gxf4 Qxd4 14.e3 Qd8 15.Rad1
Qc8 16.Qe4 Qc7 17.Nf3 Bxc3 18.bxc3 Bxa2 19.Ne5 Bd5 20.Qc2 Be6 21.c4 f6 22.Nxg6
Bxc4 23.Rfe1 Rad8 24.Qf5 Bf7 25.Nh4 Qc8 26.Qa5 Rxd1 27.Rxd1 Qg4 28.Nf3 Bd5
29.Rxd5 Nxd5 30.h3 Qd7 31.Qxa7 Kh8 32.Qd4 Rd8 33.Kh2 Nc7 34.Qc4 Qd5 35.Qb4 Qd6
36.Qxb7 c5 37.Qb2 Ne6 38.Ng5 Nxg5 {#R} 0-1

[Event "Oberliga East 1993/94"]
[Site "masterchessopen.com Germany"]
[Round "0"]
[White "Machelett Heiko (GER)"]
[Black "Sikorsky Horst (GER)"]
[Result "1-0"]
[WhiteElo "2240"]
[BlackElo "2123"]

1.d4 Nf6 2.c4 g6 3.g3 d5 4.Bg2 c6 5.Nf3 Bg7 6.cxd5 cxd5 7.Nc3 O-O 8.Ne5 Nbd7
9.O-O e6 10.f4 Qb6 11.e3 Ne8 12.b3 Nd6 13.Ba3 Nf6 14.Qd3 Rd8 15.Rfc1 Bd7
16.Bc5 Qc7 17.g4 Bc6 18.h3 Rac8 19.a4 b6 20.Ba3 Qb8 21.Na2 Bb7 22.Nb4 Rxc1+
23.Rxc1 Qa8 24.Nbc6 Bxc6 25.Nxc6 Rd7 26.Bxd6 {#r} 1-0

[Event "Oberliga East B 2002/03"]
[Site "masterchessopen.com Germany"]
[Date "2003.01.26"]
[Round "5"]
[White "Stockmann Michael (GER)"]
[Black "Nimsch Helmut (GER)"]
[Result "1-0"]
[WhiteElo "2242"]
[BlackElo "2118"]

1.d4 Nf6 2.g3 d5 3.Bg2 g6 4.c4 c6 5.Nf3 Bg7 6.Ne5 O-O 7.Nc3 Be6 8.Qb3 b6 9.Qa4
dxc4 10.Nxc6 Nxc6 11.Bxc6 Rc8 12.Bf4 Qxd4 13.Bb7 Nd5 14.Nxd5 Bxd5 15.Rd1 Qxd1+
16.Kxd1 Bxb7 17.f3 Bxb2 18.Kc2 Bd4 19.Qd7 e5 20.Bh6 Bc6 21.Qe7 Rfd8 22.e3 Ba4+
23.Kb1 c3 24.exd4 Rxd4 25.Qf6 c2+ 26.Kb2 {#r} 1-0

[Event "Olympiad"]
[Site "masterchessopen.com Munich (Germany)"]
[Round "6"]
[White "Gligoric Svetozar (SRB)"]
[Black "Pachman Ludek (GER)"]
[Result "1-0"]
[WhiteElo "2447"]
[BlackElo "2278"]

1.d4 Nf6 2.c4 g6 3.g3 c6 4.Bg2 d5 5.cxd5 cxd5 6.Nc3 Bg7 7.Nf3 O-O 8.Ne5 Nc6
9.Bg5 Qb6 10.Nxc6 bxc6 11.Qd2 e5 12.dxe5 Ng4 13.O-O Nxe5 14.b3 Re8 15.Na4 Qb5
16.Rac1 Bg4 17.Rfe1 Rac8 18.h3 Bf5 19.Nc5 Nd7 20.Nxd7 Bxd7 21.Be3 Bf8 22.Bd4
a5 23.Ba1 Bd6 24.e4 Be5 25.exd5 Bxa1 26.Rxe8+ Bxe8 27.Rxa1 cxd5 28.Bxd5 Qc5
29.Re1 Bb5 30.a4 Bc6 31.Rc1 Bxd5 32.Rxc5 Rxc5 33.f4 h5 34.f5 gxf5 35.Qg5+ Kf8
36.Qd8+ Kg7 37.Qg5+ Kf8 38.Qxf5 Rc1+ 39.Kf2 Bxb3 40.Qxa5 Rc4 41.Qd8+ Kg7
42.Qg5+ Kf8 43.a5 h4 44.gxh4 Rc2+ 45.Ke1 {#r} 1-0

[Event "Olympiad"]
[Site "masterchessopen.com Salonika (Greece)"]
[Round "0"]
[White "Kalinin Vladimir (WLS)"]
[Black "Gobet Fernand (SUI)"]
[Result "1-0"]
[WhiteElo "2260"]
[BlackElo "2405"]

1.d4 Nf6 2.g3 d5 3.Bg2 g6 4.c4 c6 5.cxd5 cxd5 6.Nc3 Bg7 7.Qb3 O-O 8.Nxd5 Nxd5
9.Bxd5 Nc6 10.Bxc6 bxc6 11.Nf3 Bh3 12.Ng5 Bg2 13.Rg1 Bd5 14.Qd3 Qb6 15.Nf3
Rfd8 16.Kf1 c5 17.dxc5 Qxc5 18.Kg2 Rac8 19.a4 Ba8 20.Qb5 Qc2 21.Ra3 e5 22.Be3
Bc6 23.Qa6 Qxb2 24.Rd3 Re8 25.Rd6 Ba8 26.Rgd1 Qa2 27.R1d2 Qa3 28.Qxa7 e4
29.Ng5 Qb3 30.Rd7 Rf8 31.a5 h6 32.Nh3 g5 33.Rc7 Rxc7 34.Qxc7 Qb4 35.Rd8 Qb2
36.Ng1 Qb5 37.Rxf8+ Bxf8 38.h4 g4 39.Qc8 Qxa5 40.Qxg4+ Kh7 41.Qc8 Bg7 42.Nh3
Qd5 43.Nf4 Qc6 44.Qf5+ Kg8 45.Qg4 Kh7 46.Nh5 Qg6 47.Qc8 Qxh5 48.Qxa8 f5 49.Qb7
Kg8 50.Qc8+ Kh7 51.Qd7 Kg8 52.Bd4 Bxd4 53.Qxd4 Qxe2 54.Qd5+ Kg7 55.Qxf5 h5
56.Qg5+ Kh8 57.Qf5 Qd1 58.Qxe4 Kg7 59.Qc6 Kh8 60.Qf3 {#r} 1-0

[Event "Olympiad (under 16)"]
[Site "masterchessopen.com Kuala Lumpur (Malaysia)"]
[Round "3"]
[White "Grecescu Gabriel-Andrei (ROM)"]
[Black "Wang Hao (CHN)"]
[Result "1-0"]
[WhiteElo "2204"]
[BlackElo "2215"]

1.c4 c6 2.g3 Nf6 3.Bg2 d5 4.d4 g6 5.Nf3 Bg7 6.cxd5 cxd5 7.Ne5 O-O 8.Nc3 Be6
9.O-O Nbd7 10.f4 Rc8 11.h3 Nxe5 12.dxe5 Ne4 13.Nxe4 dxe4 14.Be3 Qa5 15.Qe1 Qa6
16.Bd4 f5 17.e3 Bc4 18.Rf2 e6 19.Rc2 Bd3 20.Rc3 b6 21.Rac1 Rfd8 22.a4 Qb7
23.Rxd3 {#r} 1-0

[Event "Tournament (Elo) (b)"]
[Site "masterchessopen.com Budapest (Hungary)"]
[Date "2005.12.04"]
[Round "2"]
[White "Lakat Gyula (HUN)"]
[Black "Konya Balazs (HUN)"]
[Result "0-1"]
[WhiteElo "1959"]
[BlackElo "1929"]

1.d4 Nf6 2.g3 d5 3.Bg2 g6 4.c4 c6 5.Nc3 Bg7 6.cxd5 Nxd5 7.e4 Nxc3 8.bxc3 Qa5
9.Ne2 Nd7 10.O-O O-O 11.f4 Nb6 12.h3 Na4 13.Rf3 Rd8 14.Kh2 Be6 15.Qc2 Bc4
16.Ng1 Rac8 17.Bd2 b5 18.Bf1 Nb6 19.f5 Rd7 20.g4 Qa6 21.Ne2 Rcd8 22.Be3 Qb7
23.Nf4 Qc7 24.Kh1 Bxf1 25.Raxf1 Nc4 26.Bg1 Qb7 27.Nd3 Qc8 28.Nc5 Bh6 29.fxg6
fxg6 30.Nxd7 Qxd7 31.R1f2 Qe6 32.Re2 a5 33.a4 Bg5 34.axb5 cxb5 35.d5 Qd7
36.Bd4 Qd6 37.Rg2 Rc8 38.Qf2 Ne5 39.Rf5 gxf5 40.Qxf5 Rf8 41.Qxg5+ Ng6 42.Kg1
Qf4 43.Qxf4 Nxf4 44.Rh2 Nd3 45.Ra2 a4 46.Rd2 Nf4 47.Kh2 Ng6 48.e5 Nh4 49.Kg3
Nf3 50.Rb2 Nxd4 51.cxd4 Rb8 52.d6 exd6 53.exd6 Kf7 54.d5 a3 55.Ra2 b4 56.Kf4
b3 57.Rxa3 b2 58.Ra7+ Ke8 59.Re7+ Kd8 60.Re1 b1=Q 61.Rxb1 Rxb1 62.Kg5 Kd7
63.h4 Kxd6 64.h5 Kxd5 65.Kh6 Rb7 66.g5 Ke6 67.g6 hxg6 68.Kxg6 Rb1 69.h6 Rg1+
70.Kh7 Kf6 71.Kh8 Kg6 {#R} 0-1

[Event "Tournament (team)"]
[Site "masterchessopen.com Calgary (Canada)"]
[Date "2001.05.09"]
[Round "4"]
[White "Tam Erik"]
[Black "Pivovarov Juraj"]
[Result "1-0"]
[WhiteElo "1800"]
[BlackElo "1780"]

1.d4 Nf6 2.c4 g6 3.g3 d5 4.Bg2 c6 5.Nf3 Bf5 6.O-O Bg7 7.Qb3 Qc8 8.Bf4 dxc4
9.Qxc4 Nbd7 10.Ng5 O-O 11.e4 Nb6 12.Qb4 h6 13.Nxf7 Rxf7 14.exf5 Qxf5 15.Nc3
Rd8 16.Bc7 Nfd5 17.Nxd5 Nxd5 18.Bxd5 Rxd5 19.Rad1 Qd7 20.Bf4 Bxd4 21.Rxd4 Rxd4
22.Qb3 Rd5 23.Qe3 Rh5 24.h4 Qd5 25.Bxh6 Kh7 26.Bg5 Qd7 27.Qe2 Kg8 28.Rd1 Qc7
29.Qe6 Kg7 30.Rd7 Qb6 31.Be3 c5 32.Qxb6 axb6 33.Rxb7 Rf6 34.Rxe7+ Kf8 35.Rd7
c4 36.Bg5 Rc6 37.Kf1 Ke8 38.Re7+ Kd8 39.Ra7+ Kc8 40.g4 Rxg5 41.hxg5 Rc5 42.f4
b5 43.Rg7 b4 44.Ke2 c3 45.bxc3 Rxc3 46.Rxg6 Rg3 47.Rb6 Rxg4 48.Rxb4 Rg2+
49.Kf3 Rxa2 50.Rd4 {#r} 1-0

[Event "US Chess League"]
[Site "masterchessopen.com Internet"]
[Round "10"]
[White "Sinanan Joshua C (USA)"]
[Black "Casella Michael (USA)"]
[Result "1-0"]
[WhiteElo "2216"]
[BlackElo "2268"]

1.d4 Nf6 2.c4 g6 3.g3 c6 4.Bg2 d5 5.cxd5 cxd5 6.Nc3 Bg7 7.Nf3 Ne4 8.Qb3 Nxc3
9.bxc3 Nc6 10.Nd2 Be6 11.Qxb7 Rc8 12.Nb3 O-O 13.Qa6 Bf5 14.O-O e5 15.Ba3 Re8
16.e3 Nb8 17.Qxa7 Rxc3 18.Rfc1 exd4 19.Nxd4 Bxd4 20.exd4 Nc6 21.Qa4 Nxd4
22.Qxd4 Rxa3 23.Qxd5 Qb6 24.Qc6 Qb8 25.Bd5 Qe5 26.Qc5 Rd3 27.Bc6 Qxc5 28.Rxc5
Rc8 29.Rac1 Ra3 30.Bd5 Rxc5 31.Rxc5 Ra7 32.Bb3 Be6 33.Bxe6 fxe6 34.Rc2 Kf7
35.Kg2 Ra3 36.h4 Kf6 37.Kf1 Kf5 38.Ke2 e5 39.Kd2 e4 40.Kc1 Rf3 41.Re2 h5
42.Kb2 g5 43.hxg5 Kxg5 44.a4 Kf5 45.Kb1 Ke5 46.a5 Kd5 47.a6 e3 48.Rxe3 Rxf2
49.a7 Rf8 50.Re7 Kc6 51.Rh7 Kb6 52.Kc2 Kc6 53.Kd3 Rf3+ 54.Ke4 Ra3 55.Kf4 Kd6
56.Kf5 Ra5+ 57.Kg6 Ke6 58.Rb7 Kd6 59.Kf6 Ra3 60.Rh7 Ra5 61.Rxh5 Rxa7 62.g4 Ra4
63.g5 Rh4 64.Rxh4 {#r} 1-0

[Event "Verbandsliga North 2002/03"]
[Site "masterchessopen.com Germany"]
[Round "4"]
[White "Birnbaum Detlev (FRA)"]
[Black "Huth Arno (GER)"]
[Result "1-0"]
[WhiteElo "2185"]
[BlackElo "2089"]

1.d4 Nf6 2.c4 g6 3.g3 c6 4.Bg2 d5 5.Nf3 Bg7 6.Nc3 O-O 7.b3 Ne4 8.Bb2 Bf5 9.O-O
Nd7 10.cxd5 Nxc3 11.Bxc3 cxd5 12.Nh4 Nf6 13.Nxf5 gxf5 14.Qd3 Qd7 15.Bb4 Rfc8
16.Bh3 e6 17.Rac1 Ne4 18.g4 fxg4 19.Bxg4 a6 20.f3 Rxc1 21.Rxc1 Qd8 22.e3 Qg5
23.Rc2 f5 24.Kh1 Nf6 25.Bh3 Qh5 26.Bg2 Ne8 27.e4 Qf7 28.exd5 exd5 29.Bh3 a5
30.Bc5 f4 31.Re2 Qh5 32.Bg4 Qg5 33.Qb5 Nf6 34.Qxb7 Re8 35.Rxe8+ Nxe8 36.Qc8
Qg6 37.Qe6+ Kh8 38.Qxg6 hxg6 39.a3 Nc7 40.Bd7 Kh7 41.Kg2 g5 42.Kf2 Kg6 43.Ke2
Kf6 44.b4 axb4 45.axb4 Ne6 46.Bxe6 Kxe6 47.b5 Kd7 48.Kf2 Bf6 49.Kg2 Kc7 50.Kh3
Bg7 51.Kg4 Bf6 52.h3 Kd7 53.Kf5 {#r} 1-0

[Event "Zt"]
[Site "masterchessopen.com Ostersund (Sweden)"]
[Round "0"]
[White "Agdestein Simen (NOR)"]
[Black "Ernst Thomas (SWE)"]
[Result "1-0"]
[WhiteElo "2620"]
[BlackElo "2570"]

1.d4 Nf6 2.c4 g6 3.g3 c6 4.Bg2 d5 5.Qb3 Qb6 6.Nc3 Be6 7.c5 Qxb3 8.axb3 Bg7
9.b4 O-O 10.Nf3 Ne4 11.O-O Nd7 12.Rd1 h6 13.Ne1 f5 14.f3 Nxc3 15.bxc3 Bf7
16.Nd3 e5 17.dxe5 Nxe5 18.Nxe5 Bxe5 19.Ra3 Kg7 20.Be3 a6 21.Kf2 Rae8 22.Bd4
Re7 23.Rd3 Rfe8 24.Re3 Bf6 25.Rxe7 Rxe7 26.Ra1 g5 27.e3 h5 28.Bf1 Be6 29.Bd3
Rf7 30.h4 g4 31.Be2 Kg6 32.Bxf6 Kxf6 33.Rd1 Ke5 34.Rd4 Re7 35.f4+ Kf6 36.c4
dxc4 37.Bxc4 Bxc4 38.Rxc4 Rd7 39.Rd4 Rxd4 40.exd4 Ke6 41.Ke3 Kd7 42.Kd3 Kc7
43.Kc3 b5 44.cxb6+ {#r} 1-0